| 000 | 00564nam a22002297a 4500 | ||
|---|---|---|---|
| 003 | OSt | ||
| 005 | 20180116183018.0 | ||
| 008 | 151020b xxu||||| |||| 00| 0 eng d | ||
| 020 | _a9788120349216 | ||
| 022 | _a9788120349216 | ||
| 040 | _c0 | ||
| 050 | _a658.404076 | ||
| 082 | _a658.404076 | ||
| 100 | _aWhitaker,Sean. | ||
| 245 |
_aPMP Training Kit. _cSean Whitaker. |
||
| 260 |
_aNew Delhi. _bPHI Learning. _c2014 |
||
| 300 | _a516p. | ||
| 500 | _aPaper Cover | ||
| 600 | _aWhitaker,Sean. | ||
| 700 | _aWhitaker,Sean. | ||
| 942 |
_2ddc _cBK _k658.404076 |
||
| 999 |
_c350446 _d350446 |
||